Responses for show #8032 - Tuesday, July 9, 2019

Ryan Bilger game 4.

Contestants

[<< previous game]

Kevin Paquette, a math teacher from Charlottesville, Virginia

Hannah Safford, an engineering Ph.D. student from Davis, California

Ryan Bilger, a student from Macungie, Pennsylvania (whose 3-day cash winnings total $96,650)

[next game >>]

Jeopardy! Round responses

STATE OF THE COUNTIES
SECOND BOOK IN THE SERIES
A LABYRINTHINE CATEGORY
FAMOUS AMERICAN WOMEN
SONGS IN ANIMATED MOVIES
(Alex: You have to name those running the government in...)
WHO'S IN CHARGE?
    $200 7
(Ryan: What is North Carolina?)

South Carolina

RyanKevin
    $200 21
the Scarecrow

Ryan
    $200 26
(Ryan: What is an exit?)

the center

Ryan
Triple Stumper
    $200 17
(Hannah: Who is Madeleine Albright?)

Condoleezza Rice

HannahKevin
    $200 1
Madagascar

Ryan
    $200 6
a woman

Kevin
    $400 8
(Hannah: What is Louisiana?)

Vermont

RyanHannah
    $400 22
fire

Ryan
    $400 27
Jerusalem

Kevin
    $400 16
Helen Keller

Hannah
    $400 2
"Everything Is Awesome"

Ryan
    $400 10
the elderly

Ryan
    $600 9
(Kevin: What is Wyoming?)
(Ryan: What is Montana?)
(Hannah: What is New Mexico?)

Idaho

RyanHannahKevin
Triple Stumper
    $600 23
the traveling pants

Kevin
    $600 28
Jennifer Connelly

Triple Stumper
    $600 18
Temple Grandin

Hannah
    $600 3
Zootopia

Kevin
    $600 11
nobody

Kevin
    $800 14
Rhode Island

Ryan
    $800 24
Jason Bourne

Kevin
    $800 29
(Ryan: What is a subway system?)

catacombs

Ryan
Triple Stumper
    $800 19
Betsy Ross

Kevin
    $800 4
The Jungle Book

Hannah
    $800 12
the middle class

Kevin
    $1000 15
(Hannah: What is Michigan?)

North Dakota

Hannah
Triple Stumper
    $1000 25
messiah

Kevin
    $1,000 30
Crete

Kevin
    $1000 20
Katharine Graham

Kevin
    $1000 5
Kubo and the Two Strings

Triple Stumper
    $1000 13
the workers

Triple Stumper

Scores at the first commercial break (after clue 15):

Ryan Hannah Kevin
$1,400 -$1,200 $1,800

Scores at the end of the Jeopardy! Round:

Ryan Hannah Kevin
$1,000 -$400 $7,600

Double Jeopardy! Round responses

NEW TV
FROM THE BIG-BOX STORE
65"
PLASMA
"H.D."
PICTURE IN PICTURE
    $400 19
Atlanta

Hannah
    $400 12
Target

Hannah
    $400 6
Margaret Thatcher

Hannah
    $400 21
matter

Ryan
    $400 2
an hors d'oeuvre

Kevin
    $400 25
the Louvre

Hannah
    $800 15
(John) Goodman

Ryan
    $800 11
Costco

Kevin
    $800 7
(Ryan: Who is Madison?)

Lawrence of Arabia

Ryan
Triple Stumper
    $800 22
globulin

Kevin
    $800 1
horse-driven (or horse-drawn)

Hannah
    $800 26
Esther

Ryan
    $1200 13
GLOW

Hannah
    $1200 8
the Geek Squad

Kevin
    $1200 16
Aung San Suu Kyi

Ryan
    $1200 23
electrolytes

Hannah
    $1200 3
Humpty Dumpty

Hannah
    $7,000 27
Rubens

Ryan
    $1600 14
Evan Rachel Wood

Hannah
    $1600 9
Craftsman

Kevin
    $1600 17
David Sedaris

Hannah
    $2,000 24
(Hannah: What are gamma rays?)

the auroras

Hannah
    $1600 4
a housing development

Ryan
    $1600 28
Diego Velazquez

Ryan
    $2000 20
Black Lightning

Kevin
    $2000 10
Petco

Hannah
    $2000 18
Emperor Hirohito

Triple Stumper
    $2000 30
(Kevin: What is Type O?)

AB

Kevin
Triple Stumper
    $2000 5
hunker down

Ryan
    $2000 29
the Uffizi

Ryan

Scores at the end of the Double Jeopardy! Round:

Ryan Hannah Kevin
$17,600 $8,800 $12,400

[wagering suggestions for these scores]

Final Jeopardy! Round responses

ANCIENT TIMES
(Alex: You had to think of the right battle--the famous battle at Thermopylae.)
HannahWho is Agamemmnon?
$0
KevinWho was Achilles?
$5,201
RyanWho is Achilles?
$7,201
Leonidas

Final scores:

Ryan Hannah Kevin
$10,399 $8,800 $7,199
4-day champion: $107,049 2nd place: $2,000 3rd place: $1,000

Game dynamics:

Coryat scores:

Ryan Hannah Kevin
$11,800 $10,800 $12,400
16 R
(including 1 DD),
5 W
14 R,
5 W
(including 1 DD)
19 R
(including 1 DD),
2 W

Combined Coryat: $35,000

The J! Archive is created by fans, for fans. The Jeopardy! game show and all elements thereof, including but not limited to copyright and trademark thereto, are the property of Jeopardy Productions, Inc. and are protected under law. This website is not affiliated with, sponsored by, or operated by Jeopardy Productions, Inc. Join the discussion at JBoard.tv.